Logo BPK

Biblioteka

Politechniki Koszalińskiej

Teaching English as a Second Language : (Rekord nr 47805)

Szczegóły MARC
000 -ETYKIETA REKORDU
podpole kontrolne o stałej długości 00746nam a2200217 i 4500
001 - NUMER KONTROLNY REKORDU
pole kontrolne bgj
020 ## - MIĘDZYNARODOWY ZNORMALIZOWANY NUMER KSIĄŻKI - ISBN
ISBN 087626867X
040 ## - ŹRÓDŁO KATALOGOWANIA
Instytucja, która utworzyła rekord BPK
041 0# - KOD JĘZYKA
Kod języka tekstu eng
920 ## - Międzynarodowy znormalizowany numer książki – ISBN
ISBN 0-87626-867-X
008 - POLE O STAŁEJ DŁUGOŚCI - DANE KONTROLNE
podpole kontrolne o stałej długości s uk f |000 0 eng
100 1# - NAZWA OSOBOWA
Nazwa osobowa PAULSTON, Christina Bratt
Daty związane z nazwą (1932- )
245 10 - TYTUŁ/ODPOWIEDZIALNOŚĆ
Tytuł Teaching English as a Second Language :
Ciąg dalszy tytułu techniques and procedures /
Pozostałe elementy strefy tytułu i oznaczenia odpowiedzialności Christina Bratt Paulston ; Mary Newton Bruder.
260 ## - STREFA ADRESU WYDAWNICZEGO
Miejsce wydania Cambridge, Ma :
Nazwa wydawcy/dystrybutora Winthrop Publishers, Inc.,
Data publikacji, dystrybucji/powstania dokumentu c. 1976.
300 ## - STREFA OPISU FIZYCZNEGO
Objętość XII, 255 pp :
Inne cechy fizyczne ill. ;
Rozmiary 23 cm.
505 ## - SFORMALIZOWANA UWAGA DOTYCZĄCA ZAWARTOŚCI
Pełny tekst uwagi Includes index.
650 #9 - HASŁO PRZEDMIOTOWE W FORMIE NAZWY OGÓLNEJ LUB JEDNOSTKOWEJ
Nazwa ogólna lub geograficzna English language
Określnik ogólny Study and teaching
-- Foreign speakers
650 #9 - HASŁO PRZEDMIOTOWE W FORMIE NAZWY OGÓLNEJ LUB JEDNOSTKOWEJ
Nazwa ogólna lub geograficzna Second language acquisition
700 1# - HASŁO DODATKOWE - NAZWA OSOBOWA
Nazwa osobowa BRUDER, Mary Newton
Daty związane z nazwą (1939- ).
Określenie związku między hasłem a opisywanym materiałem co-author
856 ## - LOKALIZACJA I DOSTĘP DO ELEKTRONICZNYCH DOKUMENTÓW ZDALNYCH
Link (URL) http://koha.tu.koszalin.pl/cgi-bin/koha/opac-detail.pl?biblionumber=47805
Tekst linku Katalog online BPK
942 ## - DODATKOWE ELEMENTY (KOHA)
Typ dokumentu Książka
Egzemplarze
Wycofany Status egzemplarza Uszkodzony Dostępność Lokalizacja stała Lokalizacja bieżąca Miejsce przechowywania Sygnatura Kod kreskowy Typ dokumentu
      Tylko na miejscu Biblioteka Politechniki Koszalińskiej Biblioteka Politechniki Koszalińskiej Czytelnia Wydziałowa ul. Kwiatkowskiego 6e KA 4501 09033443 Książka
© 2023 Biblioteka Politechniki Koszalińskiej :: KOHA